| 000 | 00457nam a2200133Ia 4500 | ||
|---|---|---|---|
| 008 | 260210s9999 xx 000 0 und d | ||
| 024 | _a13B-029-EL, 13B-032-EL, 13B-037-EL & 13B-076-El | ||
| 082 | _a621.381072 NOM | ||
| 100 | _aNoman Tariq, Maaz Khan, Ibad Ullah Qureshi & Muhammad Irfan | ||
| 245 | 0 | _aPower Factor Improvement Chamber | |
| 260 |
_aKarachi: _bUITU, _c2013 |
||
| 600 | _aPower Engineering | ||
| 650 | _aBachelor of Engineering (BE) | ||
| 999 |
_c33320 _d33320 |
||